000
00325 a2200157 4500
001
171134
020
_a
040
_c
Magnum
100
_a
Lalau
240
1
0
_a
Quien es quien
_l
ESP
245
1
0
_a
Quien es quien
362
0
_a
1899
440
1
_a
Companhia das Letrinhas
697
_a
LITERATURA ESTRANGEIRA
942
_c
BK
999
_c
171134
_d
171134